Illit mvs - Statistics

General Stats
  • This quiz has been taken 137 times
    47 since last reset
  • The average score is 7 of 8
Answer Stats
Picture Answer % Correct
Magnetic
100%
Not Cute Anymore
100%
Do the Dance
97%
Jellyous
97%
Tick Tack
94%
Cherish (My love)
91%
Lucky Girl Syndrome
89%
Almond Chocolate
77%
No matching quizzes found
Score Distribution
Percent of People with Each Score
Percentile by Number Answered
Your Score History
You have not taken this quiz since the last reset